| 000 | 01221cam a2200349 a 4500 | ||
|---|---|---|---|
| 003 | CHAP | ||
| 005 | 20220329142130.0 | ||
| 008 | 990831d1996 mx r 00010 spa d | ||
| 010 | _a78930 | ||
| 011 | _a79902 | ||
| 020 | _a9686823468 | ||
| 035 | _a90319 | ||
| 040 | _cCHAP | ||
| 082 | 0 | 4 |
_a338.097252 _bS3 |
| 100 | 0 | 0 |
_aSaraví, Gonzalo A. _9102618 |
| 245 | 1 | 0 |
_aPotencialidades y obstáculos de los distritos industriales en méxico : _banálisis de la experiencia de un distrito zapatero _c/por Gonzalo A. Saraví |
| 260 |
_aMéxico, D.F. : _bFundación Freiedrich Ebert, _c1996. |
||
| 300 |
_a164 p. : _bgráfs. |
||
| 590 |
_aBATCH-UPD _b10 _c20130110 _lUCH01 _h0424 |
||
| 590 |
_aBATCH-UPD _b10 _c20130410 _lUCH01 _h0058 |
||
| 590 |
_aBATCH-UPD _b10 _c20130410 _lUCH01 _h1633 |
||
| 590 |
_aBATCH-UPD _b10 _c20130914 _lUCH01 _h1634 |
||
| 590 |
_aCONVERSION _b10 _c20130109 _lUCH01 _h1344 |
||
| 650 | 1 | 4 |
_aIndustria _xMéxico (Edo.) _957752 |
| 650 | 1 | 4 |
_aRelaciones industriales _zMéxico (Edo.). _995821 |
| 790 | _aMicroempresas | ||
| 790 | _aSan Mateo Atenco, Méx. | ||
| 901 | _aBK | ||
| 905 | _aBlanca M. García O. | ||
| 942 | _cLIBRO | ||
| 949 |
_a338.097252 S3 _bBC _cLIBRO _d33724000736690 _eLIBRO _h96209 _i90319 _sb |
||
| 999 |
_c78930 _d78930 |
||